The handbook on socially interactive agents : 20 years of research on embodied conversational agents, intelligent virtual agents, and social robotics. Volume 1, Methods, behavior, cognition /

Saved in:
Bibliographic Details
Other Authors Lugrin, Birgit (Editor), Pelachaud, Catherine (Editor), Traum, David R. (Editor)
Format Electronic eBook
LanguageEnglish
Published [New York, NY] : Association for Computing Machinery; [2021]
EditionFirst edition.
SeriesACM books ; #37.
Subjects
Online AccessFull text
ISBN9781450387231
9781450387224
9781450387200
9781450387217
ISSN2374-6777 ;
Physical Description1 online zdroj.

Cover

LEADER 00000cam a2200000 i 4500
001 108519
003 CZ-ZlUTB
005 20260622091010.0
006 m o d
007 cr cnu---unuuu
008 211014t20212021nyua fo 001 0 eng d
020 |a 9781450387231  |q (electronic book) 
020 |a 9781450387224  |q (electronic publication) 
020 |z 9781450387200  |q (hardcover) 
020 |z 9781450387217  |q (paperback ) 
035 |a (OCoLC)1275776559  |z (OCoLC)1281706467  |z (OCoLC)1294758954  |z (OCoLC)1295213827 
040 |a UAB  |b eng  |c UAB  |d GZM  |d OCLCF  |d CUS  |d OCLCO  |d LVT  |d OCLCO  |d YDX  |e rda 
072 7 |a 004.8  |x Umělá inteligence  |2 Konspekt  |9 23 
080 |a 004.5  |2 MRF 
080 |a 004.8  |2 MRF 
080 |a 304  |2 MRF 
080 |a (0.034.2:08)  |2 MRF 
080 |a (035)  |2 MRF 
080 |a (082)  |2 MRF 
245 0 4 |a The handbook on socially interactive agents :  |b 20 years of research on embodied conversational agents, intelligent virtual agents, and social robotics.  |n Volume 1,  |p Methods, behavior, cognition /  |c [edited by] Birgit Lugrin, Catherine Pelachaud, David Traum. 
246 3 0 |a Methods, behavior, cognition 
250 |a First edition. 
264 1 |a [New York, NY] :  |b Association for Computing Machinery;  |c [2021] 
264 4 |c ©2021 
300 |a 1 online zdroj. 
336 |a text  |b txt  |2 rdacontent 
337 |a počítač  |b c  |2 rdamedia 
338 |a online zdroj  |b cr  |2 rdacarrier 
490 1 |a ACM books,  |x 2374-6777 ;  |v #37 
506 |a Plný text je dostupný pouze z IP adres počítačů Univerzity Tomáše Bati ve Zlíně nebo vzdáleným přístupem pro zaměstnance a studenty 
650 0 7 |a interakce člověk-počítač  |7 ph121144  |2 czenas 
650 0 7 |a umělá inteligence  |7 ph116536  |x sociální aspekty  |2 czenas 
650 0 9 |a human-computer interaction  |2 eczenas 
650 0 9 |a artificial intelligence  |x social aspects  |2 eczenas 
655 7 |a elektronické knihy  |7 fd186907  |2 czenas 
655 7 |a příručky  |7 fd133209  |2 czenas 
655 7 |a sborníky  |7 fd163935  |2 czenas 
655 9 |a electronic books  |2 eczenas 
655 9 |a handbooks and manuals  |2 eczenas 
655 9 |a papers of several authors  |2 eczenas 
700 1 |a Lugrin, Birgit,  |e editor. 
700 1 |a Pelachaud, Catherine,  |e editor. 
700 1 |a Traum, David R.,  |e editor. 
776 0 8 |i Print version:  |t HANDBOOK ON SOCIALLY INTERACTIVE AGENTS.  |d [S.l.] : MORGAN & CLAYPOOL, 2021  |z 1450387209  |z 9781450387200  |w (OCoLC)1269094043 
830 0 |a ACM books ;  |v #37. 
856 4 0 |u https://proxy.k.utb.cz/login?url=https://dl.acm.org/doi/book/10.1145/3477322 
942 |2 udc 
992 |c EBOOK-TN  |c ACM 
993 |x NEPOSILAT  |y EIZ 
999 |c 108519  |d 108519